000 00594nam a22001817a 4500
005 20161206101953.0
010 _aENG-116321
020 _a9788193095416
_c795.00
035 _aEN-99853
037 _bDBAD/PUB
082 0 4 _a940.1
245 0 4 _aMedievel European history /
_cedited by Parmeshwer Hegde
260 _aNew Delhi
_bFalguni Publishers & Distributors
_c2015
270 _a202 IInd Floor,4832/24,Prahlad Street,Ansari Road,Daryaganj
_bNew Delhi
_e110002
300 _a238p. :
_c21cm(Hb)
_bill(maps)
700 _d Hegde,Parmeshwer
942 _2ddc
_cEN
_h940.1
_mMED
999 _c104308
_d104308